[Event "Montigny le Bretonneux op 10th"]
[Site "Montigny le Bretonneux"]
[Date "2011.10.23"]
[Round "2"]
[White "Miolane, Tom"]
[Black "Krestinine, Nikita"]
[Result "1-0"]
[WhiteElo "1560"]
[BlackElo "1410"]
[PlyCount "77"]
[EventDate "2011.10.22"]
[EventType "swiss"]
[EventRounds "9"]
[EventCountry "FRA"]
[SourceTitle "EXT 2012"]
[Source "ChessBase"]
[SourceDate "2011.11.24"]
[SourceVersion "1"]
[SourceVersionDate "2011.11.24"]
[SourceQuality "1"]

1. d4 Nf6 2. c4 e6 3. Nc3 d5 4. Bg5 Be7 5. Nf3 0-0 6. e3 Nbd7 7. Qc2 h6 8. h4 Ng4 9. Bxe7 Qxe7 10. cxd5 e5 11. Be2 exd4 12. Nxd4 Ndf6 13. Nf5 Qe5 14. e4 Nxe4 15. Nxh6+ Nxh6 16. Qxe4 Qxe4 17. Nxe4 Re8 18. Nc3 Nf5 19. 0-0-0 b5 20. Bxb5 Rd8 21. Bc6 Rb8 22. Nb5 Ne7 23. Nxa7 Ba6 24. Rd4 Rb6 25. Rhd1 Rd6 26. b4 Nxc6 27. dxc6 Rxd4 28. Rxd4 Bf1 29. g3 Bg2 30. b5 Rb8 31. Rd7 Bf1 32. a4 Bc4 33. Rxc7 Bb3 34. Rc8+ Rxc8 35. Nxc8 Bxa4 36. Na7 Bb3 37. b6 Bd5 38. c7 Bb7 39. c8Q+ 1-0

[Event "Montigny le Bretonneux Noel op 10th"]
[Site "Montigny le Bretonneux"]
[Date "2007.12.29"]
[Round "5"]
[White "Miolane, Tom"]
[Black "Couradin, Jean Marie"]
[Result "0-1"]
[WhiteElo "1330"]
[BlackElo "1730"]
[PlyCount "62"]
[EventDate "2007.12.26"]
[EventType "swiss"]
[EventRounds "7"]
[EventCountry "FRA"]
[SourceTitle "CBM 122 Extra"]
[Source "ChessBase"]
[SourceDate "2008.03.04"]
[SourceVersion "1"]
[SourceVersionDate "2008.03.04"]
[SourceQuality "1"]

1. e4 c5 2. Nf3 e6 3. Nc3 Nc6 4. e5 a6 5. Bc4 Qc7 6. d4 cxd4 7. Nxd4 Qxe5+ 8. Be3 Bc5 9. Nf3 Qd6 10. 0-0 Qxd1 11. Raxd1 Ba7 12. a4 Nf6 13. h3 d5 14. Bxa7 Rxa7 15. Bd3 0-0 16. Ng5 h6 17. Nf3 e5 18. Rfe1 e4 19. Nxd5 exf3 20. gxf3 Nxd5 21. Be4 Nf4 22. Re3 Nxh3+ 23. Kg2 Ng5 24. Rde1 Nxe4 25. Rxe4 Bf5 26. Re8 Rxe8 27. Rxe8+ Kh7 28. Kg3 Bxc2 29. f4 Bxa4 30. f5 Nd4 31. Kf4 Bxe8 0-1

[Event "Montigny le Bretonneux Noel op 10th"]
[Site "Montigny le Bretonneux"]
[Date "2007.12.28"]
[Round "4"]
[White "Brisson, Michele"]
[Black "Miolane, Tom"]
[Result "0-1"]
[WhiteElo "1020"]
[BlackElo "1330"]
[PlyCount "74"]
[EventDate "2007.12.26"]
[EventType "swiss"]
[EventRounds "7"]
[EventCountry "FRA"]
[SourceTitle "CBM 122 Extra"]
[Source "ChessBase"]
[SourceDate "2008.03.04"]
[SourceVersion "1"]
[SourceVersionDate "2008.03.04"]
[SourceQuality "1"]

1. e4 e5 2. Nf3 Nc6 3. d4 d5 4. Nc3 Nf6 5. dxe5 Nxe4 6. Nxe4 dxe4 7. Qxd8+ Nxd8 8. Ng5 Bf5 9. Be2 Nc6 10. Bf4 0-0-0 11. f3 exf3 12. Bxf3 Nb4 13. 0-0 Nxc2 14. Rad1 Bc5+ 15. Kh1 Rd7 16. Rxd7 Bxd7 17. Rd1 Nd4 18. Nxf7 Rf8 19. Bd5 Bc6 20. Be6+ Nxe6 21. Bg5 Bd4 22. Nd8 Nxd8 23. Bxd8 Rxd8 24. Re1 Bf2 25. Rf1 Bb5 26. Rc1 Be3 27. Rb1 Rd2 28. Rg1 Bxg1 29. Kxg1 Re2 30. Kf1 Rxe5+ 31. Kf2 Re2+ 32. Kg3 h5 33. Kf3 g5 34. g4 hxg4+ 35. Kxg4 Rxh2 36. Kxg5 Rf2 37. Kh5 Re2 0-1

[Event "Montigny le Bretonneux Noel op 10th"]
[Site "Montigny le Bretonneux"]
[Date "2007.12.27"]
[Round "3"]
[White "Miolane, Tom"]
[Black "De Luise, Anthony"]
[Result "0-1"]
[WhiteElo "1330"]
[BlackElo "1760"]
[PlyCount "96"]
[EventDate "2007.12.26"]
[EventType "swiss"]
[EventRounds "7"]
[EventCountry "FRA"]
[SourceTitle "CBM 122 Extra"]
[Source "ChessBase"]
[SourceDate "2008.03.04"]
[SourceVersion "1"]
[SourceVersionDate "2008.03.04"]
[SourceQuality "1"]

1. e4 e5 2. Nf3 Nf6 3. Nc3 Bb4 4. Bc4 d6 5. d3 Nc6 6. Bg5 Bg4 7. a3 Bxc3+ 8. bxc3 0-0 9. 0-0 h6 10. Bxf6 Qxf6 11. h3 Bxf3 12. Qxf3 Qxf3 13. gxf3 Na5 14. Ba2 Kh8 15. d4 exd4 16. cxd4 Nc6 17. c3 f5 18. Bd5 Rab8 19. Rab1 Na5 20. a4 c6 21. Be6 fxe4 22. fxe4 Rbe8 23. Bf5 g6 24. Bxg6 Rg8 25. Kh1 Rxg6 26. Rg1 Rxg1+ 27. Rxg1 Rxe4 28. Rg6 Nc4 29. Rxh6+ Kg7 30. Rh5 Re2 31. f4 Re3 32. f5 Rxc3 33. h4 Rf3 34. Rg5+ Kf6 35. Rg8 Kxf5 36. Rf8+ Kg4 37. Rxf3 Kxf3 38. h5 d5 39. h6 Nd6 40. h7 Nf7 41. Kg1 b5 42. axb5 cxb5 43. Kf1 Ke4 44. Ke2 Kxd4 45. Kf3 Ke5 46. Kg4 Kf6 47. Kh5 Kg7 48. h8Q+ Nxh8 0-1